000 00757nam a2200265Ia 4500
005 20260121172700.0
008 008 260114s9999 xx 000 0 eng d
020 _a9783030752200
037 _aEBOOK
040 _aCRL
040 _beng
040 _cCRL
041 _2eng
041 _aeng
084 _qCRL
100 _aPatrick Siarry, M.A. Jabbar, Rajanikanth Aluvalu, Ajith Abraham, Ana Madureira
_91091421
245 4 _aThe Fusion of Internet of Things, Artificial Intelligence, and Cloud Computing in Health Care
260 _bSpringer
260 _bSpringer
260 _c2021
856 _uhttps://link.springer.com/openurl?genre=book&isbn=978-3-030-75220-0
942 _cEBOOK
999 _c1657161
_d1657161